[Event "Oberliga Ost B 2023 2024"]
[Site "?"]
[Date "2024.03.17"]
[Round "9.1"]
[Board "4"]
[White "Zuyev, Igor"]
[Black "Wolf, Ulrich Martin"]
[Result "1/2-1/2"]
[WhiteElo "2461"]
[BlackElo "2194"]
[PlyCount "66"]
[EventDate "2023.10.22"]
[EventType "team-tourn"]
[EventCountry "GER"]
[WhiteTeam "Heusenstamm SC"]
[BlackTeam "Homburg Bad SK"]
[WhiteTeamCountry "GER"]
[BlackTeamCountry "GER"]

1. e4 c5 2. Nc3 Nc6 3. f4 g6 4. Nf3 Bg7 5. Bb5 Nd4 6. O-O Nxb5 7. Nxb5 d5 8. exd5 a6 9. Nc3 Nf6 10. d4 Nxd5 11. dxc5 Nxc3 12. Qxd8+ Kxd8 13. bxc3 Bxc3 14. Rb1 Kc7 15. Rb3 Bf6 16. Bd2 Be6 17. Ba5+ Kb8 18. Ra3 b5 19. cxb6 Kb7 20. Ng5 Bxg5 21. fxg5 Rhd8 22. Rc3 Rac8 23. Rc7+ Rxc7 24. bxc7 Rd5 25. Rb1+ Rb5 26. Rxb5+ axb5 27. a3 Ka6 28. Bb4 Kb6 29. Bxe7 Kxc7 30. Kf2 Bf5 31. c3 Kd7 32. Bf6 Kd6 33. Ke3 Kd5 1/2-1/2

[Event "Oberliga Ost B 2023 2024"]
[Site "?"]
[Date "2024.03.17"]
[Round "9.1"]
[Board "5"]
[White "Schmidt, Walter"]
[Black "Solonar, Stefan"]
[Result "1/2-1/2"]
[WhiteElo "2208"]
[BlackElo "2271"]
[PlyCount "30"]
[EventDate "2023.10.22"]
[EventType "team-tourn"]
[EventCountry "GER"]
[WhiteTeam "Homburg Bad SK"]
[BlackTeam "Heusenstamm SC"]
[WhiteTeamCountry "GER"]
[BlackTeamCountry "GER"]

1. e4 c5 2. Nf3 Nc6 3. d4 cxd4 4. Nxd4 e5 5. Nb5 d6 6. a4 Be7 7. N1c3 a6 8. Na3 Nf6 9. Nc4 Be6 10. Ne3 O-O 11. Bd3 Rc8 12. Ncd5 Nd7 13. O-O Nc5 14. c3 Nxd3 15. Qxd3 Na5 1/2-1/2

[Event "Oberliga Ost B 2023 2024"]
[Site "?"]
[Date "2024.03.17"]
[Round "9.1"]
[Board "6"]
[White "Klundt, Klaus"]
[Black "Erdmann, Stefan"]
[Result "1-0"]
[WhiteElo "2271"]
[BlackElo "2133"]
[PlyCount "91"]
[EventDate "2023.10.22"]
[EventType "team-tourn"]
[EventCountry "GER"]
[WhiteTeam "Heusenstamm SC"]
[BlackTeam "Homburg Bad SK"]
[WhiteTeamCountry "GER"]
[BlackTeamCountry "GER"]

1. e4 c5 2. Nf3 Nc6 3. d4 cxd4 4. Nxd4 Nf6 5. Nc3 d6 6. Nd5 Bd7 7. Nxf6+ gxf6 8. Be2 Rg8 9. g3 Nxd4 10. Qxd4 f5 11. exf5 Qa5+ 12. Bd2 Qxf5 13. O-O-O Bg7 14. Qe3 Qe6 15. Kb1 Qxe3 16. Bxe3 a6 17. Rhe1 Bc6 18. Bh5 Be5 19. f4 Bg7 20. Bd4 Kf8 21. b3 Bxd4 22. Rxd4 Rc8 23. Kb2 Bd7 24. c4 Rc5 25. Bf3 Rc7 26. Re3 Bc6 27. Be2 Kg7 28. b4 b6 29. g4 h6 30. h4 f6 31. Bf3 Rh8 32. Bd5 Kf8 33. Kb3 Bb7 34. Be6 Bc8 35. f5 Rh7 36. Rc3 Rg7 37. c5 bxc5 38. bxc5 Bxe6+ 39. fxe6 Rb7+ 40. Ka4 d5 41. c6 Rc7 42. Ka5 Rg8 43. Kb6 Rc8 44. c7 Kg7 45. Rxd5 Rge8 46. Rcd3 1-0

[Event "Oberliga Ost B 2023 2024"]
[Site "?"]
[Date "2024.03.17"]
[Round "9.1"]
[Board "7"]
[White "Dunsbach, Ralf"]
[Black "Otte, Marijn"]
[Result "1/2-1/2"]
[WhiteElo "2049"]
[BlackElo "2172"]
[PlyCount "31"]
[EventDate "2023.10.22"]
[EventType "team-tourn"]
[EventCountry "GER"]
[WhiteTeam "Homburg Bad SK"]
[BlackTeam "Heusenstamm SC"]
[WhiteTeamCountry "GER"]
[BlackTeamCountry "GER"]

1. Nf3 c5 2. c4 Nc6 3. g3 e5 4. Nc3 g6 5. Bg2 Bg7 6. O-O Nge7 7. Ne1 a6 8. Nc2 Rb8 9. a4 d6 10. d3 O-O 11. Rb1 a5 12. Ne3 Be6 13. Ned5 h6 14. Bd2 Kh7 15. Nxe7 Nxe7 16. Nd5 1/2-1/2

[Event "Oberliga Ost B 2023 2024"]
[Site "?"]
[Date "2024.03.17"]
[Round "9.1"]
[Board "8"]
[White "Prudlo, Simon"]
[Black "Pichl, Christoph"]
[Result "0-1"]
[WhiteElo "2143"]
[BlackElo "1803"]
[PlyCount "52"]
[EventDate "2023.10.22"]
[EventType "team-tourn"]
[EventCountry "GER"]
[WhiteTeam "Heusenstamm SC"]
[BlackTeam "Homburg Bad SK"]
[WhiteTeamCountry "GER"]
[BlackTeamCountry "GER"]

1. e4 e6 2. d4 d5 3. Nd2 c5 4. exd5 Qxd5 5. Ngf3 cxd4 6. Bc4 Qd8 7. O-O Nf6 8. Nb3 Be7 9. Bf4 O-O 10. Nbxd4 b6 11. Bxb8 Rxb8 12. Nc6 Qc7 13. Nxb8 Qxc4 14. Ne5 Qc7 15. Nbc6 Bd6 16. f4 Nd5 17. Qe2 f6 18. c4 Bc5+ 19. Kh1 Ne3 20. b4 fxe5 21. bxc5 Nxf1 22. Nxe5 Rxf4 23. cxb6 axb6 24. Nf3 Nxh2 25. Nxh2 Rh4 26. g4 Qg3 0-1

[Event "Oberliga Ost B 2023 2024"]
[Site "?"]
[Date "2024.03.17"]
[Round "9.2"]
[Board "1"]
[White "Dolzhykova, Kateryna"]
[Black "Haack, Kevin"]
[Result "0-1"]
[WhiteElo "2259"]
[BlackElo "2259"]
[PlyCount "96"]
[EventDate "2023.10.22"]
[EventType "team-tourn"]
[EventCountry "GER"]
[WhiteTeam "Oberursel SV"]
[BlackTeam "Hofheim SV II"]
[WhiteTeamCountry "GER"]
[BlackTeamCountry "GER"]

1. Nf3 Nf6 2. g3 b5 3. a4 b4 4. a5 c5 5. Bg2 Nc6 6. Ne5 Qc7 7. d4 d5 8. Bf4 cxd4 9. Nxf7 e5 10. Nxh8 exf4 11. Qd3 Be6 12. Nd2 Bd6 13. gxf4 Bxf4 14. Nb3 Kf8 15. Nc5 Qd6 16. Nb7 Qe7 17. Qxh7 Qxb7 18. Ng6+ Kf7 19. Nh8+ Ke8 20. Qh4 Bh6 21. Rg1 b3 22. cxb3 Kd7 23. Ng6 Re8 24. Bh3 d3 25. Bxe6+ Kxe6 26. Qh3+ Kf7 27. Qxd3 Nb4 28. Qf5 Qb5 29. Ne5+ Rxe5 30. Qxe5 Nc2+ 31. Kf1 Nxa1 32. Qc7+ Kg8 33. Qc8+ Kh7 34. Rg3 Nxb3 35. Qf5+ Kh8 36. Qc8+ Kh7 37. Qf5+ Kh8 38. Qc8+ Ng8 39. Rd3 Nc1 40. Rf3 Qxe2+ 41. Kg2 Nd3 42. Rf8 Nf4+ 43. Kg3 Qd3+ 44. f3 Qg6+ 45. Qg4 Qd6 46. Ra8 d4 47. Rxa7 d3 48. Rd7 Qc5 0-1

[Event "Oberliga Ost B 2023 2024"]
[Site "?"]
[Date "2024.03.17"]
[Round "9.2"]
[Board "2"]
[White "Zude, Erik"]
[Black "Heinz, Axel"]
[Result "1/2-1/2"]
[WhiteElo "2364"]
[BlackElo "2417"]
[PlyCount "65"]
[EventDate "2023.10.22"]
[EventType "team-tourn"]
[EventCountry "GER"]
[WhiteTeam "Hofheim SV II"]
[BlackTeam "Oberursel SV"]
[WhiteTeamCountry "GER"]
[BlackTeamCountry "GER"]

1. c4 Nf6 2. g3 e6 3. Bg2 d5 4. Nf3 dxc4 5. Qa4+ c6 6. Qxc4 b5 7. Qb3 Bb7 8. O-O a6 9. Ne5 Qd4 10. Qc3 Qb6 11. d4 Be7 12. Nd2 Nd5 13. Bxd5 cxd5 14. Nb3 f6 15. Nd3 b4 16. Qc2 Nd7 17. Be3 Kf7 18. Qd2 a5 19. Rfc1 Rhc8 20. f3 Qb5 21. Qd1 a4 22. Nbc5 Nxc5 23. Nxc5 Bxc5 24. Rxc5 Rxc5 25. dxc5 e5 26. Rc1 Rc8 27. Qc2 d4 28. Bf2 Bd5 29. b3 axb3 30. axb3 g6 31. Be1 Kg7 32. Kf2 Rc7 33. g4 1/2-1/2

[Event "Oberliga Ost B 2023 2024"]
[Site "?"]
[Date "2024.03.17"]
[Round "9.2"]
[Board "3"]
[White "Michaelsen, Nils"]
[Black "Weber, Ulrich"]
[Result "0-1"]
[WhiteElo "2387"]
[BlackElo "2326"]
[PlyCount "54"]
[EventDate "2023.10.22"]
[EventType "team-tourn"]
[EventCountry "GER"]
[WhiteTeam "Oberursel SV"]
[BlackTeam "Hofheim SV II"]
[WhiteTeamCountry "GER"]
[BlackTeamCountry "GER"]

1. d4 Nf6 2. c4 g6 3. Nc3 Bg7 4. e4 d6 5. Nf3 O-O 6. Be2 e5 7. O-O Nbd7 8. Be3 Qe7 9. dxe5 dxe5 10. Nd5 Qd8 11. Qc2 Nh5 12. Rfd1 c6 13. Nc3 Qe7 14. Rab1 Nf4 15. Bf1 Ne6 16. b4 f5 17. c5 f4 18. Bc1 Kh8 19. Bb2 g5 20. h3 h5 21. Ne2 g4 22. hxg4 hxg4 23. Nh2 Qg5 24. Rd6 Rf6 25. Qb3 Ndf8 26. f3 g3 27. Ng4 Rh6 0-1

[Event "Oberliga Ost B 2023 2024"]
[Site "?"]
[Date "2024.03.17"]
[Round "9.2"]
[Board "4"]
[White "Zude, Arno"]
[Black "Margolin, Boris"]
[Result "1/2-1/2"]
[WhiteElo "2338"]
[BlackElo "2383"]
[PlyCount "73"]
[EventDate "2023.10.22"]
[EventType "team-tourn"]
[EventCountry "GER"]
[WhiteTeam "Hofheim SV II"]
[BlackTeam "Oberursel SV"]
[WhiteTeamCountry "GER"]
[BlackTeamCountry "GER"]

1. e4 e6 2. d4 d5 3. e5 c5 4. c3 Nc6 5. Nf3 Bd7 6. Be2 Nge7 7. Na3 cxd4 8. cxd4 Nf5 9. Nc2 Rc8 10. O-O a5 11. Kh1 Nb4 12. Nxb4 axb4 13. a4 bxa3 14. bxa3 h5 15. Rb1 Rc7 16. Bd3 Be7 17. Qb3 Bc6 18. Re1 Nh4 19. Ng1 g6 20. g3 Nf5 21. Ne2 Qa8 22. h4 Qa5 23. Bg5 Bxg5 24. hxg5 Qd2 25. Bxf5 gxf5 26. Qe3 Qxe3 27. fxe3 Rg8 28. Kg2 Rxg5 29. Kf2 Ke7 30. Nf4 Rc8 31. Rh1 Rh8 32. Rh2 f6 33. exf6+ Kxf6 34. Rbh1 Be8 35. Rb1 Bc6 36. Rbh1 Be8 37. Rb1 1/2-1/2

[Event "Oberliga Ost B 2023 2024"]
[Site "?"]
[Date "2024.03.17"]
[Round "9.2"]
[Board "5"]
[White "Weber, Samuel"]
[Black "Burkart, Patrick"]
[Result "1/2-1/2"]
[WhiteElo "2293"]
[BlackElo "2316"]
[PlyCount "150"]
[EventDate "2023.10.22"]
[EventType "team-tourn"]
[EventCountry "GER"]
[WhiteTeam "Oberursel SV"]
[BlackTeam "Hofheim SV II"]
[WhiteTeamCountry "GER"]
[BlackTeamCountry "GER"]

1. e4 c5 2. Nf3 e6 3. d3 Nc6 4. g3 Nf6 5. Bg2 d5 6. Qe2 Be7 7. O-O O-O 8. Re1 b5 9. exd5 exd5 10. d4 Qb6 11. dxc5 Bxc5 12. Be3 Bf5 13. Bxc5 Qxc5 14. Nbd2 Nb4 15. Rec1 Rfe8 16. Qf1 Rac8 17. Nb3 Qb6 18. Nbd4 Be4 19. Qxb5 Nxc2 20. Qxb6 axb6 21. Nxc2 Rxc2 22. Rxc2 Bxc2 23. Nd4 Be4 24. f3 Bd3 25. Rd1 Ba6 26. h4 Kf8 27. Kf2 g6 28. Bh3 Bc8 29. Bf1 Bd7 30. Bd3 h5 31. Rc1 Ra8 32. a3 Ra7 33. Ke3 Ne8 34. Bb1 Rc7 35. Rxc7 Nxc7 36. Kf4 Ke7 37. Ne2 Ne6+ 38. Ke3 Kd6 39. Ba2 Ke5 40. f4+ Kd6 41. b4 Ba4 42. Bxd5 Kxd5 43. Nc3+ Kc4 44. Nxa4 b5 45. Nb6+ Kb3 46. Kd3 Kxa3 47. Kc3 Nc7 48. Nc4+ bxc4 49. Kxc4 Ka4 50. b5 Ka5 51. Kc5 Ne6+ 52. Kc6 Nd4+ 53. Kd6 Nf5+ 54. Kc5 Ne7 55. b6 Ka6 56. Kd6 Nc8+ 57. Kd7 Nxb6+ 58. Kd8 Kb7 59. Ke7 Kc7 60. Kxf7 Kd7 61. Kxg6 Ke7 62. Kxh5 Kf6 63. Kg4 Kg6 64. f5+ Kf6 65. h5 Nd7 66. Kf4 Nf8 67. g4 Nh7 68. h6 Ng5 69. Kg3 Nh7 70. Kh4 Ng5 71. Kh5 Nh7 72. g5+ Nxg5 73. h7 Nxh7 74. Kh6 Ng5 75. Kh5 Kxf5 1/2-1/2

[Event "Oberliga Ost B 2023 2024"]
[Site "?"]
[Date "2024.03.17"]
[Round "9.2"]
[Board "6"]
[White "Kushka, Alena"]
[Black "Dubiel, Jacek"]
[Result "1/2-1/2"]
[WhiteElo "2146"]
[BlackElo "2373"]
[PlyCount "78"]
[EventDate "2023.10.22"]
[EventType "team-tourn"]
[EventCountry "GER"]
[WhiteTeam "Hofheim SV II"]
[BlackTeam "Oberursel SV"]
[WhiteTeamCountry "GER"]
[BlackTeamCountry "GER"]

1. d4 Nf6 2. c4 e6 3. Nc3 Bb4 4. e3 b6 5. Bd2 Bb7 6. Qc2 O-O 7. f3 d5 8. cxd5 exd5 9. Bd3 Re8 10. O-O-O c5 11. g4 c4 12. Be2 Nc6 13. h4 Bxc3 14. bxc3 b5 15. h5 Qd6 16. g5 Nd7 17. Nh3 b4 18. g6 fxg6 19. hxg6 h6 20. e4 bxc3 21. Bxc3 Rab8 22. e5 Qf8 23. Kd2 Nb4 24. Bxb4 Qxb4+ 25. Qc3 Qf8 26. Rb1 Ba6 27. f4 Rxb1 28. Rxb1 Qf5 29. Rg1 Nb6 30. Bg4 Qd3+ 31. Qxd3 cxd3 32. Rc1 Nc4+ 33. Rxc4 Bxc4 34. Nf2 Kf8 35. Nxd3 Bxd3 36. Kxd3 Ke7 37. Bf3 Ke6 38. Bg4+ Ke7 39. Bf3 Ke6 1/2-1/2

[Event "Oberliga Ost B 2023 2024"]
[Site "?"]
[Date "2024.03.17"]
[Round "9.2"]
[Board "7"]
[White "Akbarinia, Sayed Arash"]
[Black "Segna, Ulrich"]
[Result "1-0"]
[WhiteElo "2376"]
[BlackElo "2094"]
[PlyCount "105"]
[EventDate "2023.10.22"]
[EventType "team-tourn"]
[EventCountry "GER"]
[WhiteTeam "Oberursel SV"]
[BlackTeam "Hofheim SV II"]
[WhiteTeamCountry "GER"]
[BlackTeamCountry "GER"]

1. c4 f5 2. Nc3 Nf6 3. g3 g6 4. Bg2 Bg7 5. Nf3 O-O 6. Rb1 d6 7. b4 e5 8. Qb3 Nc6 9. b5 Ne7 10. a4 h6 11. Ba3 Be6 12. Qb4 Nd7 13. d3 Nc5 14. Nd2 e4 15. a5 exd3 16. O-O Rb8 17. exd3 Nxd3 18. Qb3 Qd7 19. Nd5 Ne5 20. f4 Ng4 21. Bb2 Nxd5 22. cxd5 Bf7 23. Bxg7 Kxg7 24. Qc3+ Nf6 25. Rfc1 Rbc8 26. Qd4 b6 27. Nc4 g5 28. Rb2 Kg6 29. Ne3 Rfe8 30. fxg5 hxg5 31. Rf1 Rxe3 32. Qxe3 Bxd5 33. h4 gxh4 34. gxh4 Ne4 35. Bh3 Be6 36. Rg2+ Kh7 37. Qf3 Kh6 38. Qf4+ Kh7 39. Qf3 Kh6 40. Qf4+ Kh7 41. Bxf5+ Bxf5 42. Qxf5+ Qxf5 43. Rxf5 Kh6 44. h5 bxa5 45. Rg6+ Kh7 46. Rf7+ Kh8 47. Rh6+ Kg8 48. Rfh7 Ng5 49. Rh8+ Kg7 50. R6h7+ Nxh7 51. Rxc8 Ng5 52. Rxc7+ Kh6 53. Rxa7 1-0

[Event "Oberliga Ost B 2023 2024"]
[Site "?"]
[Date "2024.03.17"]
[Round "9.2"]
[Board "8"]
[White "Burkart, Lloyd Shang"]
[Black "Schlamp, Robert"]
[Result "1/2-1/2"]
[WhiteElo "2064"]
[BlackElo "2250"]
[PlyCount "57"]
[EventDate "2023.10.22"]
[EventType "team-tourn"]
[EventCountry "GER"]
[WhiteTeam "Hofheim SV II"]
[BlackTeam "Oberursel SV"]
[WhiteTeamCountry "GER"]
[BlackTeamCountry "GER"]

1. d4 Nf6 2. c4 e6 3. g3 c5 4. d5 exd5 5. cxd5 d6 6. Nc3 g6 7. Nf3 Bg7 8. Nd2 O-O 9. Nc4 b6 10. a4 Na6 11. Bf4 Nb4 12. Bg2 Ba6 13. Nb5 Bxb5 14. axb5 Ne8 15. O-O a6 16. Qd2 a5 17. e4 f6 18. h4 Rb8 19. Bh3 Kh8 20. h5 g5 21. Be3 Nc7 22. f4 h6 23. fxg5 fxg5 24. Rxf8+ Qxf8 25. Bf5 Nxb5 26. Rf1 Qe7 27. Be6 Nd4 28. Bxd4 Bxd4+ 29. Kg2 1/2-1/2

[Event "Oberliga Ost B 2023 2024"]
[Site "?"]
[Date "2024.03.17"]
[Round "9.3"]
[Board "1"]
[White "Humburg, Philipp"]
[Black "Popovics, Adam"]
[Result "0-1"]
[WhiteElo "2241"]
[BlackElo "2368"]
[PlyCount "116"]
[EventDate "2023.10.22"]
[EventType "team-tourn"]
[EventCountry "GER"]
[WhiteTeam "Marburg SK"]
[BlackTeam "Eppstein SVG"]
[WhiteTeamCountry "GER"]
[BlackTeamCountry "GER"]

1. d4 Nf6 2. c4 e6 3. Nf3 d5 4. Nc3 c5 5. cxd5 exd5 6. Bg5 Be6 7. e3 a6 8. dxc5 Bxc5 9. Be2 Nbd7 10. O-O h6 11. Bh4 O-O 12. Rc1 Rc8 13. Qd3 Be7 14. Rfd1 Qb6 15. Qb1 Bb4 16. Bf1 Bxc3 17. Rxc3 Rxc3 18. bxc3 Qxb1 19. Rxb1 b5 20. a4 bxa4 21. Bxa6 Ra8 22. Bd3 Ne4 23. Ra1 Ndc5 24. Bc2 Rb8 25. Nd4 Nxc3 26. Ra3 Nb5 27. Nxb5 Rxb5 28. h3 Rb4 29. Be7 Rc4 30. Bxc5 Rxc5 31. Bd3 Bd7 32. Kf1 d4 33. exd4 Rd5 34. Ke2 Rxd4 35. Ke3 Rb4 36. Bc2 Kf8 37. Kd2 Ke7 38. Kc3 Rf4 39. f3 Kd6 40. Be4 Rh4 41. Ra1 Kc5 42. Ra2 f5 43. Bd3 Rd4 44. Be2 Rb4 45. Ra3 Be6 46. Bd1 Bb3 47. Be2 Bc4 48. Bd1 Bb5 49. Bc2 f4 50. Ra1 Rc4+ 51. Kb2 Kb4 52. Bf5 Rc3 53. Re1 Re3 54. Rd1 Re2+ 55. Ka1 Bc4 56. h4 Rxg2 57. h5 Rf2 58. Be4 Rf1 0-1

[Event "Oberliga Ost B 2023 2024"]
[Site "?"]
[Date "2024.03.17"]
[Round "9.3"]
[Board "2"]
[White "Berebora, Ferenc"]
[Black "Zienert, Richard"]
[Result "1-0"]
[WhiteElo "2394"]
[BlackElo "2271"]
[PlyCount "143"]
[EventDate "2023.10.22"]
[EventType "team-tourn"]
[EventCountry "GER"]
[WhiteTeam "Eppstein SVG"]
[BlackTeam "Marburg SK"]
[WhiteTeamCountry "GER"]
[BlackTeamCountry "GER"]

1. c4 c5 2. Nf3 Nc6 3. g3 g6 4. Bg2 Bg7 5. Nc3 d6 6. O-O Nh6 7. d3 Nf5 8. Qd2 O-O 9. b3 b6 10. Bb2 Bb7 11. Nd5 Ne5 12. Nxe5 dxe5 13. Nf6+ Bxf6 14. Bxb7 Rb8 15. Bg2 Qd6 16. Bc3 Nd4 17. Rab1 Rfd8 18. Rfe1 a5 19. a3 Rd7 20. b4 cxb4 21. axb4 a4 22. b5 Ra7 23. Bb4 Qd7 24. Qa2 h5 25. Ba3 Kg7 26. e3 Nb3 27. Red1 h4 28. Rxb3 axb3 29. Qxb3 Qg4 30. Bb2 h3 31. Bf1 Rd8 32. Re1 Rad7 33. Be2 Qf5 34. e4 Qe6 35. Bc1 Ra7 36. Be3 Rda8 37. Qd1 Qd6 38. Bf1 Ra3 39. Qc2 Ra2 40. Qb1 Qa3 41. Bxh3 e6 42. Bf1 Qd6 43. h4 Qd8 44. Qc1 Be7 45. Qc3 f6 46. Rb1 Qc7 47. d4 R2a3 48. Rb3 exd4 49. Bxd4 e5 50. Be3 Bc5 51. Bxc5 Qxc5 52. Kg2 Rxb3 53. Qxb3 Rd8 54. Qf3 Rd2 55. g4 Qd4 56. h5 gxh5 57. gxh5 Qd8 58. Kh2 Kh8 59. Qe3 Kh7 60. Qf3 Qf8 61. Bh3 Qg7 62. Bf5+ Kh8 63. Bg6 Rd4 64. c5 bxc5 65. b6 Rb4 66. Qd3 Qe7 67. Qa6 Kg7 68. Bf5 c4 69. Qc8 Qf7 70. h6+ Kxh6 71. Qh8+ Kg5 72. Kg3 1-0

[Event "Oberliga Ost B 2023 2024"]
[Site "?"]
[Date "2024.03.17"]
[Round "9.3"]
[Board "3"]
[White "Dorst, Johannes"]
[Black "Doluhanova, Evgeniya"]
[Result "0-1"]
[WhiteElo "2183"]
[BlackElo "2261"]
[PlyCount "58"]
[EventDate "2023.10.22"]
[EventType "team-tourn"]
[EventCountry "GER"]
[WhiteTeam "Marburg SK"]
[BlackTeam "Eppstein SVG"]
[WhiteTeamCountry "GER"]
[BlackTeamCountry "GER"]

1. e4 e5 2. Nf3 Nc6 3. Bc4 Bc5 4. O-O Nf6 5. d4 Bxd4 6. Nxd4 Nxd4 7. f4 d6 8. fxe5 dxe5 9. Bg5 Be6 10. Na3 Qe7 11. c3 Bxc4 12. Nxc4 Ne6 13. Bxf6 Qc5+ 14. Kh1 gxf6 15. Na3 Rg8 16. Rxf6 Nf4 17. Qf3 O-O-O 18. b4 Qe7 19. Rf5 Rd3 20. Qf1 Rxc3 21. Nb5 Rc2 22. g3 Qxb4 23. Re1 Qd2 24. Nxa7+ Kb8 25. Nc6+ Rxc6 26. gxf4 Rc2 27. Rh5 Rg2 28. Rd1 Rxh2+ 29. Kg1 Qe3+ 0-1

[Event "Oberliga Ost B 2023 2024"]
[Site "?"]
[Date "2024.03.17"]
[Round "9.3"]
[Board "4"]
[White "Hoffmeister, Frank"]
[Black "Alber, Horst"]
[Result "1/2-1/2"]
[WhiteElo "2167"]
[BlackElo "2227"]
[PlyCount "60"]
[EventDate "2023.10.22"]
[EventType "team-tourn"]
[EventCountry "GER"]
[WhiteTeam "Eppstein SVG"]
[BlackTeam "Marburg SK"]
[WhiteTeamCountry "GER"]
[BlackTeamCountry "GER"]

1. d4 Nf6 2. Nf3 g6 3. c4 Bg7 4. Nc3 O-O 5. e4 d6 6. Be2 e5 7. O-O Nbd7 8. Be3 c6 9. d5 c5 10. Ne1 Ne8 11. f3 f5 12. Kh1 Ndf6 13. Nd3 f4 14. Bf2 h5 15. g3 fxg3 16. Bxg3 g5 17. Rg1 h4 18. Bf2 Nh5 19. Qd2 Nf4 20. Nxf4 exf4 21. e5 g4 22. fxg4 f3 23. Bd3 Bxe5 24. Qh6 Qe7 25. Bxh4 Qg7 26. Qxg7+ Kxg7 27. Raf1 Rh8 28. Bg3 Bd4 29. Bf2 Be5 30. Bg3 Bd4 1/2-1/2

[Event "Oberliga Ost B 2023 2024"]
[Site "?"]
[Date "2024.03.17"]
[Round "9.3"]
[Board "5"]
[White "Rolle, Eric"]
[Black "Paschke, Mario"]
[Result "1/2-1/2"]
[WhiteElo "2139"]
[BlackElo "2175"]
[PlyCount "61"]
[EventDate "2023.10.22"]
[EventType "team-tourn"]
[EventCountry "GER"]
[WhiteTeam "Marburg SK"]
[BlackTeam "Eppstein SVG"]
[WhiteTeamCountry "GER"]
[BlackTeamCountry "GER"]

1. e4 c5 2. Nf3 d6 3. d4 cxd4 4. Qxd4 Nc6 5. Bb5 Bd7 6. Bxc6 Bxc6 7. c4 Nf6 8. Nc3 g6 9. Bg5 Bg7 10. O-O O-O 11. Qe3 h6 12. Bxf6 exf6 13. Rfd1 Re8 14. Qf4 Qe7 15. Re1 Rac8 16. Rad1 a6 17. h4 Qe6 18. b3 f5 19. exf5 Qxf5 20. Rxe8+ Rxe8 21. Qxf5 gxf5 22. Nd5 Re2 23. Nd4 Bxd4 24. Rxd4 Kg7 25. Ne3 Be4 26. g4 Kf6 27. Nxf5 Bxf5 28. gxf5 Ke7 29. f6+ Ke6 30. a4 Re5 31. Kg2 1/2-1/2

[Event "Oberliga Ost B 2023 2024"]
[Site "?"]
[Date "2024.03.17"]
[Round "9.3"]
[Board "6"]
[White "Steyer, Bernd"]
[Black "Duncker, Joachim"]
[Result "1/2-1/2"]
[WhiteElo "2149"]
[BlackElo "2077"]
[PlyCount "32"]
[EventDate "2023.10.22"]
[EventType "team-tourn"]
[EventCountry "GER"]
[WhiteTeam "Eppstein SVG"]
[BlackTeam "Marburg SK"]
[WhiteTeamCountry "GER"]
[BlackTeamCountry "GER"]

1. e4 c5 2. c3 Nf6 3. e5 Nd5 4. d4 e6 5. Nf3 cxd4 6. Bc4 Nb6 7. Bb3 Nc6 8. cxd4 Bb4+ 9. Nc3 d6 10. O-O dxe5 11. dxe5 Qxd1 12. Rxd1 Bxc3 13. bxc3 Bd7 14. Be3 Na5 15. Bxb6 axb6 16. Rab1 Ke7 1/2-1/2

[Event "Oberliga Ost B 2023 2024"]
[Site "?"]
[Date "2024.03.17"]
[Round "9.3"]
[Board "7"]
[White "Neidhardt, Helge"]
[Black "Raab, Peter"]
[Result "1/2-1/2"]
[WhiteElo "1987"]
[BlackElo "2159"]
[PlyCount "29"]
[EventDate "2023.10.22"]
[EventType "team-tourn"]
[EventCountry "GER"]
[WhiteTeam "Marburg SK"]
[BlackTeam "Eppstein SVG"]
[WhiteTeamCountry "GER"]
[BlackTeamCountry "GER"]

1. d4 Nf6 2. Nf3 e6 3. c4 b6 4. g3 Ba6 5. Qa4 Bb7 6. Bg2 c5 7. O-O cxd4 8. Nxd4 Bxg2 9. Kxg2 Qc8 10. Rd1 Be7 11. Nc3 O-O 12. f3 Nc6 13. Nxc6 Qxc6 14. Qxc6 dxc6 15. Be3 1/2-1/2

[Event "Oberliga Ost B 2023 2024"]
[Site "?"]
[Date "2024.03.17"]
[Round "9.3"]
[Board "8"]
[White "Kreiling, Carsten"]
[Black "Emig, Nils"]
[Result "1/2-1/2"]
[WhiteElo "2081"]
[BlackElo "1924"]
[PlyCount "83"]
[EventDate "2023.10.22"]
[EventType "team-tourn"]
[EventCountry "GER"]
[WhiteTeam "Eppstein SVG"]
[BlackTeam "Marburg SK"]
[WhiteTeamCountry "GER"]
[BlackTeamCountry "GER"]

1. d4 Nf6 2. c4 g6 3. Nc3 d5 4. cxd5 Nxd5 5. e4 Nxc3 6. bxc3 Bg7 7. Nf3 c5 8. Rb1 O-O 9. Be2 Nc6 10. d5 Ne5 11. Nxe5 Bxe5 12. Qd2 Qa5 13. Rb3 Rd8 14. f4 Bg7 15. c4 Qc7 16. Bb2 e5 17. O-O b6 18. f5 f6 19. g4 g5 20. h4 Bh6 21. a4 a5 22. Rh3 Qd6 23. Kg2 Bd7 24. Bd1 Kf7 25. Rfh1 Rh8 26. Kf3 Rag8 27. R1h2 Rd8 28. Qe1 Rdg8 29. Qh1 Qf8 30. Bc2 Qe8 31. Qd1 Qf8 32. Bc3 Qd6 33. Qd3 Rd8 34. Qf1 Rdg8 35. Qh1 Qf8 36. Bb3 Qb8 37. Qd1 Qd6 38. Qh1 Qf8 39. Bd2 Qb8 40. Be3 Qf8 41. Qb1 Qd6 42. Qc1 1/2-1/2

[Event "Oberliga Ost B 2023 2024"]
[Site "?"]
[Date "2024.03.17"]
[Round "9.4"]
[Board "1"]
[White "Engers, Felix"]
[Black "Gloeckler, Christian"]
[Result "1-0"]
[WhiteElo "2193"]
[BlackElo "2356"]
[PlyCount "99"]
[EventDate "2023.10.22"]
[EventType "team-tourn"]
[EventCountry "GER"]
[WhiteTeam "Erfurter SK II"]
[BlackTeam "Wiesbadener SV"]
[WhiteTeamCountry "GER"]
[BlackTeamCountry "GER"]

1. c4 c5 2. Nf3 Nf6 3. e3 g6 4. Nc3 Bg7 5. d4 cxd4 6. Nxd4 O-O 7. Be2 a6 8. O-O d6 9. b3 e6 10. Bb2 Qe7 11. Qc2 b6 12. Rfd1 Bb7 13. Bf3 Rd8 14. Rd2 Bxf3 15. Nxf3 Nc6 16. Rad1 Bf8 17. Ne4 Nxe4 18. Qxe4 Rac8 19. Nd4 Ne5 20. f4 f5 21. Qc2 Ng4 22. Qd3 d5 23. cxd5 e5 24. Ne6 Rd7 25. Qxa6 Rb8 26. Bxe5 Re8 27. Qxb6 Bh6 28. h3 Nxe5 29. fxe5 Qh4 30. Nf4 Bf8 31. Qd4 Qg3 32. e6 Rd6 33. Ne2 Qg5 34. Qf4 Qd8 35. e4 fxe4 36. Qxe4 Rb6 37. Nf4 Rb4 38. Qf3 Bc5+ 39. Kh1 Rf8 40. g3 Bd6 41. Rd4 Rxd4 42. Rxd4 g5 43. Qg4 Kh8 44. Nh5 Rf1+ 45. Kg2 Qf8 46. Qe2 Rf5 47. g4 Re5 48. Qf3 Qxf3+ 49. Kxf3 Re1 50. Ng3 1-0